000 01144cam a2200265 a 4500
001 3047484
003 BD-DhUL
005 20170511115303.0
008 031020s2003 lu i000 0 eng d
020 _a9278401978
040 _aNSL
_beng
_cBD-DhUL
_dBD-DhUL
043 _ae------
082 0 4 _a342.24
_221
_bDRA
088 _aQQ-54-03-065-EN-C
245 0 0 _aDraft treaty establishing a Constitution for Europe :
_badopted by consensus by the European Convention on 13 June and 10 July 2003 : submitted to the President of the European Council in Rome : 18 July 2003.
246 1 8 _aDraft treaty establishing a Constitution for Europe 18 July 2003
246 3 0 _aConstitution for Europe :
_bsubmitted to the President of the European Council in Rome : 18 July 2003
260 _aLuxembourg :
_bOffice for Official Publications of the European Communities,
_c2003.
300 _a335 p. ;
_c25 cm.
500 _aAt foot of the title: E the European Convention.
650 0 _aConstitutions
_zEuropean Union countries.
710 2 _aEuropean Council.
710 2 _aEuropean Convention
_d(2002-2003 :
_cBrussels, Belgium)
942 _2ddc
_cBK
999 _c195118
_d195118